000 00330pab a2200133 454500
008 180718b1997 xxu||||| |||| 00| 0 eng d
245 _aREVIEW of agriculture (a special feature)
260 _c1997
300 _ap.A46-96
362 _a28 Jun
650 _aAgriculture
773 _aEconomic and Political Weekly
909 _a35069
999 _c35069
_d35069